[Event "Dundee & Angus Congress Open"]
[Site "?"]
[Date "2011.10.15"]
[Round "3"]
[White "Kleboe, Jim"]
[Black "Will, Douglas"]
[Result "1-0"]
[WhiteElo "1749"]
[BlackElo "1870"]
[PlyCount "77"]

1. d4 Nf6 2. c4 g6 3. Nc3 Bg7 4. e4 d6 5. f3 O-O 6. Be3 Nc6 7. Qd2 a6 8. Nge2
Rb8 9. Ng3 e5 10. d5 Nd4 11. h4 h5 12. Bd3 c5 13. Nce2 b5 14. Nxd4 exd4 15. Bg5
Qb6 16. b3 Nd7 17. O-O Ne5 18. Rfb1 f6 19. Bf4 Qd8 20. Ne2 f5 21. Bxe5 dxe5 22.
Qg5 Kh7 23. Qxd8 Rxd8 24. cxb5 axb5 25. a4 fxe4 26. fxe4 bxa4 27. bxa4 Rxb1+
28. Rxb1 Bd7 29. a5 Ra8 30. a6 Bc8 31. Rb6 Bf8 32. d6 Kh8 33. Bb5 Bh6 34. d7
Bxd7 35. Bxd7 Be3+ 36. Kf1 Rf8+ 37. Bf5 d3 38. a7 d2 39. Nc3 1-0

[Event "Dundee & Angus Congress Open"]
[Site "?"]
[Date "2011.10.15"]
[Round "3"]
[White "Rutherford, Elaine"]
[Black "Parks, Joe"]
[Result "1-0"]
[WhiteElo "2120"]
[BlackElo "1860"]
[PlyCount "57"]

1. e4 d6 2. Nc3 Nf6 3. Bc4 e5 4. d3 Be6 5. Bb3 Bxb3 6. axb3 Be7 7. Be3 a6 8.
Nf3 Nbd7 9. O-O O-O 10. h3 c6 11. Re1 Qc7 12. Nh4 d5 13. Nf5 Bb4 14. Bd2 Bc5
15. Qf3 d4 16. Na4 Bd6 17. Bh6 g6 18. Nxd6 Qxd6 19. Bxf8 Qxf8 20. Nb6 Nxb6 21.
Qxf6 Nd7 22. Qh4 Qc5 23. Rac1 Qd6 24. Rf1 Re8 25. f4 exf4 26. Rxf4 Ne5 27. Rcf1
Qc5 28. Qf2 Qe7 29. Qxd4 1-0

[Event "Dundee & Angus Congress Open"]
[Site "?"]
[Date "2011.??.??"]
[Round "3"]
[White "Sreeves, Clement"]
[Black "Burns-Mannion, Steve"]
[Result "1/2-1/2"]
[WhiteElo "2148"]
[BlackElo "2308"]
[PlyCount "118"]

1. e4 e5 2. Nf3 Nc6 3. Bb5 a6 4. Ba4 Nf6 5. O-O Be7 6. Re1 b5 7. Bb3 d6 8. c3
O-O 9. h3 Na5 10. Bc2 c5 11. d4 Nd7 12. Nbd2 cxd4 13. cxd4 Nc6 14. d5 Nb4 15.
Bb1 a5 16. a3 Na6 17. b4 axb4 18. axb4 Nb6 19. Qe2 Bd7 20. Bd3 Nxb4 21. Rxa8
Qxa8 22. Bxb5 Rb8 23. Bxd7 Nxd7 24. Nf1 Nc5 25. Ng3 Nbd3 26. Rf1 Nxc1 27. Rxc1
Qa3 28. Rd1 g6 29. h4 Rb2 30. Rd2 Rb4 31. Kh2 Qc1 32. h5 Kg7 33. Qe3 Rb3 34.
Qe2 Rb1 35. Qe3 Rb3 36. Qe2 Bd8 37. Qd1 Qxd1 38. Rxd1 Rb4 39. Re1 Nd3 40. Re2
Bb6 41. hxg6 hxg6 42. Nh1 Nf4 43. Re1 Rb2 44. Rf1 Nd3 45. Kg3 Re2 46. Ng5 Bd8
47. Kf3 Ra2 48. Nh3 f5 49. exf5 gxf5 50. Rb1 Bf6 51. Ng3 Kg6 52. Nf1 f4 53. Rd1
Nc5 54. g3 Kf5 55. gxf4 exf4 56. Nxf4 Rxf2+ 57. Kxf2 Kxf4 58. Nd2 Nd3+ 59. Ke2
59... Nb2 {And with around a minute left for each player a draw was agreed}
1/2-1/2

[Event "Dundee & Angus Congress Open"]
[Site "?"]
[Date "2011.??.??"]
[Round "3"]
[White "Campbell, Duncan"]
[Black "Neave, George"]
[Result "1-0"]
[WhiteElo "1886"]
[BlackElo "2126"]
[PlyCount "99"]

1. e4 c5 2. Nc3 Nc6 3. g3 g6 4. Bg2 Bg7 5. d3 d6 6. Nf3 Bg4 7. h3 Bxf3 8. Bxf3
e6 9. O-O Nge7 10. Bg2 O-O 11. Be3 Rb8 12. Qd2 Nd4 13. Nd1 b5 14. c3 Ndc6 15.
Bh6 Bxh6 16. Qxh6 f5 17. f4 b4 18. h4 Qe8 19. h5 Nd8 20. Qg5 Nf7 21. Qh4 Nh6
22. hxg6 Kg7 23. gxh7 Kxh7 24. Ne3 Rg8 25. Rae1 Qd7 26. exf5 exf5 27. Bh3 Rg7
28. Kf2 Rh8 29. Qh5 Kg8 30. Qf3 d5 31. Rh1 bxc3 32. bxc3 d4 33. cxd4 Qxd4 34.
Kg2 Ng6 35. Bxf5 Nxf4+ 36. Kf1 Nxf5 37. Rxh8+ Kxh8 38. Nxf5 Qxd3+ 39. Qxd3 Nxd3
40. Nxg7 Nxe1 41. Kxe1 Kxg7 42. Kd2 Kg6 43. Kc3 Kg5 44. Kc4 Kg4 45. Kxc5 Kxg3
46. Kb5 Kf4 47. Ka6 Ke5 48. Kxa7 Kd6 49. Kb6 Kd7 50. Kb7 1-0

[Event "Dundee & Angus Congress Open"]
[Site "?"]
[Date "2011.??.??"]
[Round "3"]
[White "McPheator, Gary"]
[Black "Holmes, Donald"]
[Result "0-1"]
[WhiteElo "1705"]
[BlackElo "2263"]
[PlyCount "107"]

1. e4 c5 2. Nc3 Nc6 3. f4 g6 4. Nf3 Bg7 5. Bb5 Nd4 6. O-O Nxb5 7. Nxb5 d5 8.
exd5 a6 9. Nc3 Nf6 10. d4 Nxd5 11. dxc5 Nxc3 12. Qxd8+ Kxd8 13. bxc3 Bxc3 14.
Rb1 f6 15. Rb3 Ba5 16. Nd4 Ke8 17. c6 bxc6 18. Nxc6 Bc7 19. Re1 e6 20. Be3 Rf8
21. g3 Rf7 22. Rd1 Bd7 23. Rc3 a5 24. Rb1 Bxc6 25. Rxc6 Kd7 26. Rc4 Ra6 27. Rb7
Kc8 28. Rb6 Rxb6 29. Bxb6 Kb7 30. Rxc7+ Rxc7 31. Bxc7 Kxc7 32. Kf2 Kc6 33. Ke3
Kc5 34. Kd3 a4 35. Kc3 e5 36. fxe5 fxe5 37. a3 e4 38. h4 h5 39. Kd2 Kd4 40. c3+
Kc4 41. Ke3 Kxc3 42. Kxe4 Kb3 43. Kf4 Kxa3 44. Kg5 Kb3 45. Kxg6 a3 46. Kxh5 a2
47. g4 a1=Q 48. g5 Qh8+ 49. Kg4 Kc4 50. h5 Kd5 51. g6 Qh6 52. Kf5 Qxh5+ 53. Kf6
Qe5+ 54. Kf7 0-1

[Event "Dundee & Angus Congress Open"]
[Site "?"]
[Date "2011.10.16"]
[Round "4"]
[White "Rocks, Daniel"]
[Black "Sreeves, Clement"]
[Result "0-1"]
[WhiteElo "2056"]
[BlackElo "2148"]
[PlyCount "107"]

1. e4 c5 2. Nf3 d6 3. Bb5+ Nd7 4. c3 a6 5. Ba4 b5 6. Bc2 Ngf6 7. O-O g6 8. d4
Bb7 9. Re1 e5 10. d5 Bg7 11. Nbd2 O-O 12. Nf1 Nh5 13. Ne3 c4 14. b4 cxb3 15.
axb3 Qc7 16. Bb2 a5 17. c4 b4 18. Qd2 Nc5 19. h3 Bc8 20. g4 Nf4 21. Kh2 h5 22.
Nh4 Qe7 23. Nhg2 hxg4 24. hxg4 Qg5 25. f3 Qh6+ 26. Kg3 Qh3+ 27. Kf2 Qh2 28. Rh1
Nh3+ 29. Ke2 Nf4+ 30. Kf2 Nh3+ 31. Ke2 Qg3 32. Qe1 Qxe1+ 33. Raxe1 Ng5 34. Ra1
Bd7 35. Rhb1 Bf6 36. Ne1 Nh3 37. N3g2 Bg5 38. Nd3 Nxe4 39. fxe4 Bxg4+ 40. Ke1
f5 41. exf5 Rxf5 42. Nxe5 Rxe5+ 43. Bxe5 Re8 44. Bd3 Rxe5+ 45. Kf1 Re8 46. Ra2
Rf8+ 47. Ke1 Ng1 48. Be4 Re8 49. Kf1 Ne2 50. Bxg6 Rf8+ 51. Ke1 Nc3 52. Rf2 Rxf2
53. Kxf2 Bd1 54. Bd3 {Moves from 48 were unrecorded by one player and from 53
were indecipherable by the other} 0-1

[Event "Dundee & Angus Congress Open"]
[Site "?"]
[Date "2011.??.??"]
[Round "4"]
[White "Neave, George"]
[Black "MacDonald, Paul"]
[Result "1-0"]
[WhiteElo "2126"]
[BlackElo "1822"]
[PlyCount "78"]

1. e4 c5 2. Nf3 a6 3. c3 d5 4. exd5 Qxd5 5. d4 Bg4 6. Be2 e6 7. O-O Nf6 8. Be3
cxd4 9. cxd4 Nc6 10. Nc3 Qd8 11. Qb3 Be7 12. h3 Bh5 13. d5 Nxd5 14. Nxd5 Qxd5
15. Bc4 Qd7 16. Rfd1 Qc8 17. g4 Bg6 18. Rac1 O-O 19. Bb6 Bd8 20. Bc5 Re8 21.
Qe3 Bc7 22. Nd4 Nxd4 23. Bxd4 Qb8 24. Rc3 Rd8 25. Be2 Bh2+ 26. Kg2 Bf4 27. Qf3
e5 28. Be3 Rxd1 29. Bxd1 Bxe3 30. Qxe3 Qd6 31. Bf3 h6 32. Bxb7 Rb8 33. Rb3 Rxb7
34. h4 Qd5+ 35. Kg3 Rxb3 36. axb3 Qd4 37. Qe2 Qf4+ 38. Kg2 Be4+ 39. f3 Qxg4+
1-0

[Event "Dundee & Angus Congress Open"]
[Site "?"]
[Date "2011.??.??"]
[Round "4"]
[White "Burns-Mannion, Stephen"]
[Black "MacQueen, Calum"]
[Result "0-1"]
[WhiteElo "2308"]
[BlackElo "2203"]
[PlyCount "68"]

1. e4 c5 2. Nf3 d6 3. d4 cxd4 4. Nxd4 Nf6 5. Nc3 g6 6. Be3 a6 7. f3 b5 8. Qd2
Bb7 9. a4 b4 10. Na2 e5 11. Nb3 d5 12. O-O-O d4 13. Bg5 Nbd7 14. Nxb4 Be7 15.
Qe1 a5 16. Nd3 O-O 17. h4 Bc6 18. f4 Bxa4 19. fxe5 Bxb3 20. cxb3 Ng4 21. Bxe7
Qxe7 22. h5 Ne3 23. hxg6 fxg6 24. Kb1 a4 25. Rc1 axb3 26. Qb4 Qxb4 27. Nxb4
Nxe5 28. Be2 Ra4 29. Rc5 Rfa8 30. Na6 d3 31. Bd1 Nxd1 32. Rxe5 R4xa6 33. Kc1
Ra1+ 34. Kd2 Nxb2 0-1

[Event "Dundee & Angus Congress Open"]
[Site "?"]
[Date "2011.10.16"]
[Round "4"]
[White "Holmes, Donald"]
[Black "Roberts, Paul"]
[Result "1-0"]
[WhiteElo "2263"]
[BlackElo "2276"]
[PlyCount "61"]

1. d4 f5 2. g3 Nf6 3. Bg2 g6 4. Nh3 Bg7 5. Nf4 O-O 6. h4 Nc6 7. h5 e5 8. dxe5
Nxe5 9. hxg6 Nxg6 10. Bd5+ Nxd5 11. Qxd5+ Rf7 12. Rxh7 Nxf4 13. gxf4 c6 14. Qb3
d5 15. Rh2 Qf6 16. Nd2 Be6 17. Qh3 Qd4 18. Nf3 Qb4+ 19. c3 Bxc3+ 20. bxc3 Qxc3+
21. Kd1 Qxa1 22. Ne5 Qd4+ 23. Ke1 Qb4+ 24. Kf1 Kf8 25. Qh8+ Ke7 26. Qxa8 Qb1
27. Nd3 Qxa2 28. Rh8 Kd6 29. Qb8+ Rc7 30. Rd8+ Bd7 31. Ne5 1-0

[Event "Dundee & Angus Congress Open"]
[Site "?"]
[Date "2011.10.16"]
[Round "4"]
[White "Romilly, Peter"]
[Black "Payada, Dmitriy"]
[Result "0-1"]
[WhiteElo "2185"]
[BlackElo "1944"]
[PlyCount "38"]

1. d4 Nf6 2. c4 g6 3. Nc3 Bg7 4. e4 d6 5. f3 O-O 6. Be3 Nbd7 7. Qd2 e5 8. Nge2
a5 9. d5 Nc5 10. O-O-O Ne8 11. g4 f5 12. gxf5 gxf5 13. Bg5 Nf6 14. Ng3 Qe8 15.
exf5 Nh5 16. Nb5 Nxg3 17. hxg3 Bxf5 18. Nxc7 Qa4 19. b3 Nxb3+ 0-1

[Event "Dundee & Angus Congress Open"]
[Site "?"]
[Date "2011.10.16"]
[Round "4"]
[White "McLean, Ian"]
[Black "Doyle, Jim"]
[Result "1/2-1/2"]
[WhiteElo "1849"]
[BlackElo "1908"]
[PlyCount "119"]

1. c4 e5 2. g3 h5 3. Nc3 h4 4. Nf3 hxg3 5. fxg3 d6 6. Bg2 Bh3 7. Bxh3 Rxh3 8.
d4 Nc6 9. d5 Nb8 10. e4 Rh8 11. Be3 Nf6 12. Qe2 Nbd7 13. O-O-O Be7 14. Kb1 b6
15. Rdf1 Nc5 16. Bd2 Qd7 17. Ng5 Rf8 18. h3 O-O-O 19. g4 Kb7 20. Rh2 Qe8 21.
Be3 Ncd7 22. Qc2 Nb8 23. b4 Nfd7 24. Nf3 Rh8 25. Qf2 Na6 26. a3 Rc8 27. Nd2 f6
28. Nb3 Qg6 29. Qb2 Ka8 30. b5 Nac5 31. Nxc5 dxc5 32. a4 Kb7 33. Ka2 Ra8 34.
Ra1 Qf7 35. Kb1 g5 36. Qf2 Qh7 37. Qf3 Bd6 38. Ne2 a6 39. Nc3 a5 40. Ne2 Qg6
41. Ng3 Raf8 42. Kb2 Rh7 43. Rah1 Rfh8 44. Nf5 Kc8 45. Bd2 Kd8 46. Qg3 Qf7 47.
Qe1 Nb8 48. Qf2 Nd7 49. Qe1 Nb8 50. Qf2 Nd7 51. Qf3 Nf8 52. Rf1 Nd7 53. Nxd6
cxd6 54. Bc3 Ke7 55. Bd2 Qg6 56. Rfh1 Rg8 57. Be3 Nf8 58. Rg2 Rf7 59. Rf1 Nh7
60. Bd2 1/2-1/2

[Event "Dundee & Angus Congress Open"]
[Site "?"]
[Date "2011.10.16"]
[Round "4"]
[White "Tsang, Sai Kong"]
[Black "Pyrich, George"]
[Result "0-1"]
[WhiteElo "1823"]
[BlackElo "1908"]
[PlyCount "120"]

1. d4 Nf6 2. Nf3 g6 3. c4 Bg7 4. Nc3 O-O 5. e4 d6 6. Be2 e5 7. d5 a5 8. O-O Na6
9. b3 Nh5 10. Re1 Nf4 11. Bf1 Nc5 12. Rb1 f5 13. b4 Nxe4 14. Nxe4 fxe4 15. Nd2
Nd3 16. Bxd3 exd3 17. Ne4 axb4 18. Bg5 Qe8 19. Rxb4 Rxa2 20. Qb3 Re2 21. Rxe2
dxe2 22. Qe3 h6 23. Bh4 g5 24. Bg3 Qh5 25. Rb2 b6 26. Qxe2 Qxe2 27. Rxe2 Bf5
28. f3 Ra8 29. Kf2 Ra4 30. Rc2 h5 31. Ke2 g4 32. Bh4 Kf7 33. Bd8 Bxe4 34. fxe4
Ra7 35. Bg5 Kg6 36. Bd2 Bh6 37. Bc3 Bf4 38. g3 Bh6 39. Kd3 Ra8 40. Rf2 Ra3 41.
Rc2 Bg5 42. Re2 h4 43. Rc2 hxg3 44. hxg3 Ra8 45. Rf2 Rh8 46. Kc2 Rh1 47. Rf8
Rg1 48. Rc8 Rg2+ 49. Kd1 Rxg3 50. Be1 Rf3 51. Rxc7 Be3 52. Rc8 Rf4 53. Ke2 Bc5
54. Kd3 Rf3+ 55. Kd2 Bb4+ 56. Ke2 Bxe1 57. Rg8+ Kh5 58. Kxe1 Re3+ 59. Kf2 Rxe4
60. Rc8 Rd4 0-1

[Event "Dundee & Angus Congress Open"]
[Site "?"]
[Date "2011.10.16"]
[Round "4"]
[White "McGowan, Daniel"]
[Black "Grant, Alan"]
[Result "0-1"]
[WhiteElo "2088"]
[BlackElo "2175"]
[PlyCount "127"]

1. e4 c6 2. d4 d5 3. exd5 cxd5 4. Bd3 Nc6 5. c3 Nf6 6. Nf3 Bg4 7. O-O e6 8. Bf4
Bd6 9. Bxd6 Qxd6 10. Nbd2 O-O 11. Re1 Bh5 12. Qb3 Nd7 13. Qc2 Bg6 14. Bxg6 hxg6
15. Qd3 Rfc8 16. Re2 Na5 17. Ne5 Nxe5 18. dxe5 Qb6 19. Nf3 Qd8 20. Nd4 Nc6 21.
Nf3 a6 22. Qe3 Ne7 23. Nd4 Nf5 24. Nxf5 gxf5 25. Rd2 Rc4 26. f3 f4 27. Qe2 Rac8
28. Rad1 b5 29. a3 a5 30. Rd4 Qb6 31. Qf2 b4 32. axb4 axb4 33. Rxc4 Qxf2+ 34.
Kxf2 Rxc4 35. cxb4 Rxb4 36. Rd2 Kh7 37. g3 fxg3+ 38. hxg3 Kg6 39. g4 Kg5 40.
Kg3 f5 41. exf6 gxf6 42. Rc2 e5 43. Rc5 Rd4 44. Rc3 f5 45. gxf5 Kxf5 46. Rc8
Rb4 47. Rg8 Ke6 48. Re8+ Kd6 49. Rd8+ Kc5 50. Rc8+ Kd4 51. Rc2 Kd3 52. Rc3+ Kd4
53. Rc2 Rb3 54. Kg4 e4 55. fxe4 dxe4 56. Rd2+ Rd3 57. Rc2 Ke3 58. Kg3 Rd2 59.
Rc3+ Kd4 60. Rc8 Rxb2 61. Rd8+ Ke3 62. Re8 Rb3 63. Kg4 Rb2 64. Re6 0-1

[Event "Dundee & Angus Congress Open"]
[Site "?"]
[Date "2011.10.16"]
[Round "4"]
[White "Baxter, Harry"]
[Black "Roy, Bappa"]
[Result "1-0"]
[WhiteElo "1946"]
[BlackElo "1758"]
[PlyCount "85"]

1. e4 e5 2. Nf3 Nc6 3. Bb5 a6 4. Ba4 Nf6 5. O-O b5 6. Bb3 Bc5 7. Qe2 O-O 8. d3
h6 9. c3 Bb7 10. Be3 Ba7 11. Nbd2 d6 12. Rfe1 Ne7 13. Bxa7 Rxa7 14. a4 Ra8 15.
d4 bxa4 16. Rxa4 Ng6 17. g3 Bc6 18. Rxa6 Rxa6 19. Qxa6 Qd7 20. Qf1 Rb8 21. d5
Bb7 22. Ra1 Ra8 23. Rxa8+ Bxa8 24. Qa6 Qc8 25. Ba4 Qb8 26. b4 Bb7 27. Qb5 Qa7
28. Qa5 Qb8 29. Ne1 Ne7 30. Nc2 Qc8 31. Ne3 g6 32. c4 c6 33. Kg2 Ne8 34. b5
cxb5 35. cxb5 f5 36. b6 Nf6 37. Qb4 fxe4 38. Qxd6 Qf8 39. Qxe5 Kg7 40. Bb3 Qd8
41. Nxe4 Qf8 42. Nd6 Nexd5 43. Bxd5 1-0

[Event "Dundee & Angus Congress Open"]
[Site "?"]
[Date "2011.11.04"]
[Round "4"]
[White "Hogg, Steve"]
[Black "Marks, Ian"]
[Result "1/2-1/2"]
[WhiteElo "2010"]
[BlackElo "1884"]
[PlyCount "82"]

1. g3 c5 2. Bg2 Nc6 3. d3 g6 4. e4 Bg7 5. f4 d6 6. c3 Nf6 7. Nf3 O-O 8. O-O Bg4
9. h3 Bxf3 10. Qxf3 Nd7 11. Be3 e6 12. Na3 Qe7 13. Nc2 Rac8 14. Rf2 b5 15. a3
a5 16. Kh1 b4 17. axb4 axb4 18. d4 bxc3 19. bxc3 cxd4 20. cxd4 Nb6 21. Rb1 Nc4
22. e5 dxe5 23. fxe5 Nxe3 24. Qxe3 Qd7 25. Qe4 Ne7 26. Ne3 Rfd8 27. Qh4 Nf5 28.
Nxf5 exf5 29. Rb7 Qxd4 30. Qe7 Qxe5 31. Qxf7+ Kh8 32. Ra2 Rf8 33. Qd7 Rcd8 34.
Qe7 Qxe7 35. Rxe7 Rd1+ 36. Kh2 Ra1 37. Bd5 Rxa2+ 38. Bxa2 Rd8 39. Re2 Bf6 40.
h4 h6 41. Kg2 Kg7 1/2-1/2

[Event "Dundee & Angus Congress Open"]
[Site "?"]
[Date "2011.10.16"]
[Round "4"]
[White "Will, Douglas"]
[Black "Sanderson, Mark"]
[Result "1/2-1/2"]
[WhiteElo "1870"]
[BlackElo "1709"]
[PlyCount "81"]

1. e4 e5 2. Nc3 Nf6 3. f4 d5 4. fxe5 Nxe4 5. d3 Nxc3 6. bxc3 c5 7. Nf3 Nc6 8.
Be2 Be7 9. O-O O-O 10. d4 f6 11. Bf4 fxe5 12. Nxe5 Bf6 13. Bb5 Bxe5 14. dxe5
Be6 15. Bxc6 bxc6 16. Qd2 Rb8 17. Bg5 Qc7 18. Qe3 Qb6 19. Be7 d4 20. Qg5 Rxf1+
21. Rxf1 c4 22. Bd6 d3+ 23. Kh1 Re8 24. Qf4 h6 25. cxd3 cxd3 26. Qf3 Bxa2 27.
Qxd3 Qb7 28. h3 Be6 29. Ra1 Qf7 30. Qe3 Ra8 31. Kg1 a6 32. Rf1 Qd7 33. Qb6 Bc4
34. Rf4 Bd5 35. c4 Be6 36. c5 Bd5 37. Rb4 Qd8 38. Qb7 Qc8 39. Qe7 Qe8 40. Qb7
Qc8 41. Qe7 1/2-1/2

[Event "Dundee & Angus Congress Open"]
[Site "?"]
[Date "2011.10.04"]
[Round "4"]
[White "Robertson, David"]
[Black "McPheator, Gary"]
[Result "1-0"]
[WhiteElo "2053"]
[BlackElo "1705"]
[PlyCount "91"]

1. d4 Nf6 2. c4 e6 3. Nc3 Bb4 4. Qc2 Bxc3+ 5. Qxc3 O-O 6. Bg5 h6 7. h4 d5 8.
Bxf6 Qxf6 9. Nf3 c5 10. cxd5 cxd4 11. Qxd4 Qxd4 12. Nxd4 exd5 13. g3 Nc6 14.
O-O-O Be6 15. Nxe6 fxe6 16. f4 Rac8 17. Kb1 Rcd8 18. Bh3 Rfe8 19. Rd2 g6 20.
Rhd1 Kf7 21. Bg2 Ne7 22. e4 Kf6 23. exd5 exd5 24. Bxd5 Nf5 25. g4 Ne3 26. g5+
hxg5 27. fxg5+ Kg7 28. Re1 Nf5 29. Rxe8 Rxe8 30. Bxb7 Nxh4 31. Rd7+ Kf8 32. Bd5
Re5 33. Bc4 a5 34. Rd5 Nf3 35. Rxe5 Nxe5 36. Bd5 Nf7 37. Bxf7 Kxf7 38. a4 Ke6
39. Kc2 Kf5 40. b4 axb4 41. a5 Kxg5 42. a6 Kh4 43. a7 g5 44. a8=Q Kg3 45. Qh1
g4 46. Qg1+ 1-0

[Event "Dundee & Angus Congress Open"]
[Site "?"]
[Date "2011.10.16"]
[Round "4"]
[White "McGregor, Lindsay"]
[Black "Bhopal, Raj"]
[Result "0-1"]
[WhiteElo "1804"]
[BlackElo "1808"]
[PlyCount "70"]

1. d4 f5 2. Nf3 Nf6 3. Bf4 g6 4. Nc3 Bg7 5. Qd2 Ne4 6. Nxe4 fxe4 7. Ng5 d5 8.
Be5 Bxe5 9. dxe5 h6 10. e6 hxg5 11. Qxg5 Rg8 12. O-O-O Bxe6 13. f3 Nc6 14. fxe4
d4 15. e3 Qd6 16. exd4 O-O-O 17. d5 Bf7 18. Qg4+ Kb8 19. dxc6 Qxc6 20. Rd3 Bxa2
21. Be2 Be6 22. Qg5 Rxd3 23. Bxd3 Qa4 24. Rf1 Qa1+ 25. Kd2 Qxb2 26. Qxe7 Qe5
27. Bc4 Qd4+ 28. Bd3 Qe5 29. h4 a6 30. g4 Qa5+ 31. Kc1 Bxg4 32. e5 Bf5 33. Rf3
c5 34. Qd6+ Ka7 35. h5 35... Rd8 {White lost on time} 0-1

[Event "Dundee & Angus Congress Open"]
[Site "?"]
[Date "2011.10.16"]
[Round "4"]
[White "Findlay, David"]
[Black "Campbell, Duncan"]
[Result "1-0"]
[WhiteElo "2167"]
[BlackElo "1886"]
[PlyCount "67"]

1. e4 e6 2. d4 d5 3. e5 c5 4. Nf3 Nc6 5. Bd3 cxd4 6. O-O Nge7 7. Bf4 Ng6 8. Bg3
Qb6 9. Nbd2 Qxb2 10. Nb3 Qc3 11. Nbxd4 a6 12. Re1 Nxd4 13. Nxd4 Bc5 14. Nf3 Bd7
15. Ng5 Bb5 16. Qf3 O-O 17. Nxh7 Rfc8 18. Ng5 Bxd3 19. Qxf7+ Kh8 20. cxd3 Qxd3
21. Nxe6 Bf8 22. Nc7 Bb4 23. Red1 Rxc7 24. Qxc7 Qe4 25. Qxb7 Rd8 26. Qc7 Re8
27. Qd7 Re7 28. Qxd5 Qxd5 29. Rxd5 Bc3 30. Rb1 Nxe5 31. Bxe5 Bxe5 32. g3 Bc3
33. Rb3 Be1 34. Re3 1-0

[Event "Dundee & Angus Congress Open"]
[Site "?"]
[Date "2011.10.16"]
[Round "4"]
[White "Egbaiyelo, Ade"]
[Black "Giulian, Rosie"]
[Result "1/2-1/2"]
[WhiteElo "1918"]
[BlackElo "1764"]
[PlyCount "84"]

1. c4 e6 2. g3 Nf6 3. Bg2 d5 4. Nf3 c6 5. O-O Be7 6. b3 O-O 7. Bb2 Nbd7 8. Qc2
Bd6 9. d3 e5 10. Nbd2 Re8 11. Rad1 d4 12. Ng5 h6 13. Nge4 Bc7 14. c5 Nxe4 15.
Bxe4 Nf6 16. Bg2 Be6 17. e3 dxe3 18. fxe3 Qd7 19. d4 Bg4 20. Rde1 Bh3 21. Nc4
Bxg2 22. Qxg2 exd4 23. Rxf6 gxf6 24. Bxd4 Be5 25. Bxe5 fxe5 26. Nd6 Re6 27. Rd1
Rd8 28. Qe4 Qe7 29. Qg4+ Qg5 30. Qe4 Qg6 31. Qxg6+ Rxg6 32. Rd2 Rf6 33. Ne4
Rxd2 34. Nxd2 Re6 35. Nc4 Kf8 36. Kf2 Re7 37. Kf3 f6 38. Ke4 Rg7 39. Nd6 Rd7
40. Kf5 Ke7 41. Nc8+ Kd8 42. Nd6 Ke7 1/2-1/2

[Event "Dundee & Angus Congress Open"]
[Site "?"]
[Date "2011.10.16"]
[Round "4"]
[White "Newton, Andrew"]
[Black "Parks, Joe"]
[Result "1-0"]
[WhiteElo "1724"]
[BlackElo "1860"]
[PlyCount "103"]

1. e4 d6 2. d4 Nf6 3. Nc3 e5 4. Bc4 Nbd7 5. Nf3 Be7 6. Bg5 O-O 7. Qe2 exd4 8.
Nxd4 Ne5 9. Bb3 c5 10. Nf3 Nxe4 11. Bxe7 Nxc3 12. Bxd8 Nxe2 13. Nxe5 dxe5 14.
Be7 Re8 15. Bxc5 Nf4 16. g3 Ne6 17. Be3 Nc7 18. Rd1 Bg4 19. Rd2 Bf3 20. Rg1
Red8 21. c3 Rxd2 22. Bxd2 Rd8 23. g4 Nd5 24. Rg3 e4 25. Bd1 Bxd1 26. Kxd1 Kf8
27. Kc2 b5 28. Be3 Nxe3+ 29. Rxe3 Re8 30. b3 f6 31. c4 bxc4 32. bxc4 g6 33. Ra3
Re7 34. Kd2 f5 35. gxf5 gxf5 36. Ke3 Kf7 37. Kf4 Rc7 38. Ra4 Kg6 39. Ra6+ Kg7
40. Kxf5 Rxc4 41. Rxa7+ Kg8 42. Kf4 h6 43. a4 Kh8 44. a5 Ra4 45. a6 Kg8 46. Kf5
Ra5+ 47. Kxe4 Ra2 48. Kf3 Ra3+ 49. Kg2 Ra4 50. Ra8+ Kg7 51. a7 Kh7 52. Kg3 1-0

[Event "Dundee & Angus Congress Open"]
[Site "?"]
[Date "2011.10.16"]
[Round "4"]
[White "Spencer, Ed"]
[Black "Clifford, John"]
[Result "1-0"]
[WhiteElo "2046"]
[BlackElo "1799"]
[PlyCount "70"]

1. e4 c5 2. Nc3 g6 3. f4 Bg7 4. Nf3 Nc6 5. Bb5 d6 6. Bxc6+ bxc6 7. d3 Nf6 8.
O-O O-O 9. Qe2 e6 10. Rb1 Qc7 11. Na4 Nd7 12. c4 Nb6 13. Nc3 a5 14. a4 Bxc3 15.
bxc3 Nxa4 16. Qc2 Nb6 17. f5 exf5 18. Bh6 Re8 19. Qd2 fxe4 20. Ng5 e3 21. Qe1
f5 22. Rf3 f4 23. Rxf4 Bf5 24. Qg3 Kh8 25. Re1 Qe7 26. Ne4 d5 27. Bg5 Qf8 28.
Nf6 Re6 29. Qh4 Ra7 30. g4 Rf7 31. gxf5 Rfxf6 32. Bxf6+ Rxf6 33. Rxe3 dxc4 34.
Rfe4 Kg7 35. Re7+ Rf7 1-0

[Event "Dundee & Angus Congress Open"]
[Site "?"]
[Date "2011.10.16"]
[Round "4"]
[White "James, Chris"]
[Black "Grove, Mikey"]
[Result "0-1"]
[WhiteElo "1714"]
[BlackElo "1851"]
[PlyCount "60"]

1. e4 e5 2. f4 exf4 3. Bc4 Nf6 4. Nc3 d5 5. exd5 Bg4 6. Nf3 Be7 7. d4 O-O 8.
Bxf4 Bb4 9. O-O Bxc3 10. bxc3 Nxd5 11. Qd2 Nc6 12. Ne5 Be6 13. Nxc6 bxc6 14.
Bd3 Qd7 15. Bg3 Rae8 16. Rab1 Nb6 17. Qf4 Nd5 18. Qd2 Nb6 19. Qg5 f6 20. Qh4 h6
21. Qh5 Bg4 22. Qc5 Be2 23. Rfe1 Bxd3 24. cxd3 Nd5 25. c4 Nc3 26. Rb7 Ne2+ 27.
Kf2 Qg4 28. Rxc7 Nxg3 29. hxg3 Rxe1 30. Kxe1 Qxg3+ 0-1

[Event "Dundee & Angus Congress Open"]
[Site "?"]
[Date "2011.10.16"]
[Round "4"]
[White "McDonald, Ian"]
[Black "Bremner, Adam"]
[Result "1/2-1/2"]
[WhiteElo "1988"]
[BlackElo "2068"]
[PlyCount "42"]

1. e4 c5 2. Nf3 Nc6 3. d4 cxd4 4. Nxd4 d5 5. Nxc6 bxc6 6. exd5 Qxd5 7. Nc3
Qxd1+ 8. Nxd1 Nf6 9. Bd3 e6 10. O-O Bd6 11. Ne3 O-O 12. Rd1 Bc7 13. b4 Nd5 14.
Nxd5 exd5 15. Rb1 Bd7 16. a4 Rab8 17. c4 c5 18. b5 d4 19. Ba3 Bd6 20. a5 Rfe8
21. Re1 g6 1/2-1/2

[Event "Dundee & Angus Congress Open"]
[Site "?"]
[Date "2011.10.16"]
[Round "4"]
[White "Wiltshire, Richard"]
[Black "McBride, John"]
[Result "1-0"]
[WhiteElo "1902"]
[BlackElo "1752"]
[PlyCount "59"]

1. e4 e6 2. d4 d5 3. Nd2 dxe4 4. Nxe4 Bd7 5. Nf3 Bc6 6. Bd3 Nd7 7. O-O Ngf6 8.
Nxf6+ Nxf6 9. c3 Bxf3 10. Qxf3 c6 11. Bg5 Be7 12. Qe2 Qa5 13. f4 g6 14. f5 gxf5
15. Bxf6 Bxf6 16. Rxf5 Qd8 17. Raf1 Be7 18. Rxf7 Qd6 19. Bc4 Kd7 20. Re1 Raf8
21. Rxf8 Rxf8 22. Bxe6+ Kd8 23. Qe4 h6 24. Bf5 c5 25. d5 c4 26. Bg4 Bh4 27. Qe6
Qc5+ 28. Kh1 Qc7 29. d6 Qc6 30. Qxh6 1-0

[Event "Dundee & Angus Congress Open"]
[Site "?"]
[Date "2011.10.16"]
[Round "4"]
[White "Brechin, Hugh"]
[Black "Kleboe, Jim"]
[Result "1-0"]
[WhiteElo "2045"]
[BlackElo "1749"]
[PlyCount "69"]

1. d4 Nf6 2. Bf4 d6 3. Nf3 g6 4. e3 Bg7 5. Be2 O-O 6. O-O b6 7. h3 Bb7 8. c4 c5
9. Nc3 Nbd7 10. d5 Nh5 11. Bh2 Bxc3 12. bxc3 f5 13. Qc2 Ndf6 14. a4 Ne4 15. Nd2
Nxd2 16. Qxd2 Nf6 17. Qc2 Qd7 18. Rfd1 Kh8 19. a5 Qc7 20. Rdb1 Nd7 21. Bf4 Kg7
22. e4 e5 23. dxe6 Bxe4 24. Qd2 Ne5 25. Bh6+ Kg8 26. Bxf8 Rxf8 27. axb6 axb6
28. Rd1 Rd8 29. Qg5 Kg7 30. Ra7 Qxa7 31. Qxd8 Nc6 32. Qxd6 Ne7 33. Qe5+ Kh6 34.
Qf6 Bc6 35. h4 1-0

[Event "Dundee & Angus Congress Open"]
[Site "?"]
[Date "2011.10.16"]
[Round "4"]
[White "Schwartz, Julius"]
[Black "Berry, Neil"]
[Result "0-1"]
[WhiteElo "1876"]
[BlackElo "2314"]
[PlyCount "54"]

1. e4 e5 2. Nf3 Nc6 3. Bb5 a6 4. Ba4 Nf6 5. O-O Be7 6. Re1 b5 7. Bb3 d6 8. c3
O-O 9. h3 Na5 10. Bc2 c5 11. d4 Nd7 12. d5 Nb6 13. Nbd2 g6 14. Nf1 f5 15. exf5
gxf5 16. Ng3 e4 17. Nd2 Ra7 18. Ndxe4 fxe4 19. Rxe4 Bg5 20. Qh5 Rg7 21. h4 Bxc1
22. Rxc1 Nac4 23. Qh6 Rf6 24. Re8+ Qxe8 25. Qxf6 Nxd5 26. Qh6 Qe6 27. Qxe6+
Bxe6 0-1

[Event "Dundee & Angus Congress Open"]
[Site "?"]
[Date "2011.??.??"]
[Round "5"]
[White "MacQueen, Calum"]
[Black "Holmes, Donald"]
[Result "1/2-1/2"]
[WhiteElo "2203"]
[BlackElo "2263"]
[PlyCount "56"]

1. d4 Nf6 2. c4 e6 3. g3 c5 4. d5 exd5 5. cxd5 d6 6. Nc3 Nbd7 7. Nf3 a6 8. a4
g6 9. Bg2 Bg7 10. O-O O-O 11. Nd2 Nh5 12. Nc4 Ne5 13. Ne3 Ng4 14. Nc2 f5 15. f4
b6 16. Ra3 Bd7 17. e4 b5 18. axb5 axb5 19. Rxa8 Qxa8 20. h3 Nh6 21. e5 Nxg3 22.
Re1 b4 23. Ne2 Ne4 24. e6 Bb5 25. Bxe4 fxe4 26. Ng3 Nf5 27. Nxe4 Bc4 28. Ne3
Bd4 1/2-1/2